00761nam a2200181 a 450000100100000000500170001000800410002704000250006810000300009324501200012326000660024330000210030950000420033050400320037270000470040495201110045199900170056200003962920201002033641.0130712s1988 sp 000 0 spa d aDO-SdBNPbspacBNPHU1 aSmith, Paul Julian96580810aEscrito al margen :bliteratura española del siglo de oro /cPaul Julian Samith ; traductor Cristina de la Torre. aMadrid :bNueva Biblioteca de Erudición y Crítica,c1988. a254 p. ;c25 cm. aIncluye notas al pie de las páginas aBibliografía : p. 247-2541 aTorre, Cristina de la Torre,etrad.965809 001054708MOaGRbGRcCTd2013-07-12iLF1l0o p39629-10r2020-06-25w2020-06-25y4ZPréstamo en sala c39119d39119